| 000 | 01765nam a2200457 i 4500 | ||
|---|---|---|---|
| 001 | 192696 | ||
| 003 | SpMaBN | ||
| 005 | 20250603184616.0 | ||
| 008 | 230512s2015 sp | |||| 000 0 spa | ||
| 017 |
_aB 2042-2015 _bOficina Depósito Legal Barcelona |
||
| 020 | _a9788498886382 | ||
| 035 | _a(OCoLC)904278597 | ||
| 040 |
_aSpMaBN _bspa _cES-MaACL _erda |
||
| 080 | _a329.055.4(460) | ||
| 080 | _a929(460)"19":32(047.53) | ||
| 080 | _a32(460)"2011/..." | ||
| 100 | 1 |
_aOsuna, Orencio, _eivr _9176573 |
|
| 245 | 1 | 0 |
_aMomentum : _bentrevistas a Pablo Iglesias, Ada Colau, Alberto Garzón y David Fernàndez / _cOrencio Osuna ; [prólogo de Enric Juliana ; epílogo de Juan Carlos Monedero] |
| 250 | _aPrimera edición: enero de 2015 | ||
| 260 |
_aBarcelona : _bIcaria, _c2015 |
||
| 300 |
_a167 páginas ; _c21 cm |
||
| 336 |
_aTexto (visual) _2rdacontent |
||
| 337 |
_asin mediación _2rdamedia |
||
| 338 |
_2volumen _ardacarrier |
||
| 490 | 1 |
_aIcaria más madera ; _v115 |
|
| 500 | _aÍndice | ||
| 650 | 4 |
_aIzquierda (Política)- _zEspaña _913926 |
|
| 650 | 4 |
_aPolíticos- _zEspaña- _vEntrevistas _2embne _916314 |
|
| 651 | 7 |
_aEspaña- _xPolítica y gobierno- _y2011- _2 _9154170 |
|
| 700 | 1 |
_aIglesias Turrión, Pablo, _d1978- _eive _9156370 |
|
| 700 | 1 |
_aColau, Ada, _d1974- _9193717 _eive |
|
| 700 | 1 |
_aGarzón Espinosa, Alberto, _d1985- _9193718 _eive |
|
| 700 | 1 |
_aFernández Blázquez, David _9193719 _eive |
|
| 700 | 1 |
_aJuliana, Enric _9147682 _eaui |
|
| 700 | 1 |
_aMonedero, Juan Carlos, _d1963- _eaft _9235361 |
|
| 830 | 0 |
_9176572 _aIcaria más madera ; _v115 |
|
| 852 |
_aES-MaACL _bR.152194 _cDEPOJ _hDonación: Editorial _jN-8328 _9199992 |
||
| 942 |
_cMONOGRAFIA _n0 |
||
| 999 |
_c192696 _d192696 |
||